header

The handbook of global corporate treasury (Record no. 61367)

MARC details
000 -LEADER
fixed length control field 01311nam a2200301 a 4500
100 0# - MAIN ENTRY--AUTHOR NAME
Personal name Rajiv Rajendra.
245 14 - TITLE STATEMENT
Title The handbook of global corporate treasury
260 ## - PUBLICATION, DISTRIBUTION, ETC. (IMPRINT)
Place of publication Singapore :
Name of publisher Wiley,
Year of publication 2013.
300 ## - PHYSICAL DESCRIPTION
Number of Pages xx, 514 p. :
Other physical details ill.
505 0# - FORMATTED CONTENTS NOTE
Formatted contents note pt. 1. The world of corporate treasury -- pt. 2. Transactions and cash management -- pt. 3. Balance sheet and liquidity management -- pt. 4. Markets and risk management -- pt. 5. The toolkit.
650 #0 - SUBJECT ADDED ENTRY--TOPICAL TERM
Topical Term Corporations
856 40 - ELECTRONIC LOCATION AND ACCESS
Uniform Resource Identifier http://site.ebrary.com/lib/rucke/Doc?id=10667430

No items available.

© 2026 Rongo University
Contact us: librarian | system librarian | Rongo university